000 00546nam a2200193Ia 4500
003 LDD
008 181029s9999 xx 000 0 und d
020 _a8180520943
_c295.00
040 _cLDD
100 _aDeb, Tapomoy
245 0 _aHuman resouce development
_btheory & practice
_cTapomoy Deb
260 _aNew Delhi
_bAne
_c2006
300 _axxi, 549p.
365 _b295.00
901 _a3756
_b31-01-2007
902 _aANE/D/635
_b13-02-2007
_cF
_dANE
_e65
903 _aDiscount-10
_bReqst by : Narasimham,
942 _2ddc
_cBK
999 _c78116
_d78116